000 00575nam a2200193 a 4500
001 000035569
005 20200930074435.0
008 111103s1984 mx 000 0 spa d
020 _a9686085920
040 _aDO-SdBNP
_bspa
_cBNPHU
100 1 _aEvans, Harold.
_961469
245 0 _aDiseño y compaginación de la prensa diaria /
_cHarold Evans.
260 _aMéxico :
_bGustavo Gili,
_c1984.
300 _a228 p. :
_bil. ;
_c28 cm.
490 1 _aMassmedia
_pDiseña
500 _aTextos en dos columnas
500 _aIncluye índice
830 0 _aMassmedia
_pDiseña
_961470
999 _c35060
_d35060